000 01574nam0a2200349 4500
001 RU\NLR\BIBL_A\012060940
005 20190806171407.0
010 _a978-5-04-094230-5
_92000
021 _aRU
_bКН-П-19-046212
_9КН-П-19-3378
035 _a(NLR Aleph) 012060940
035 _a(RuMoRGB)010025744
090 _a11704095
_c11704095
100 _a20190719d2019 u y0rusy50 ca
101 1 _arus
_cita
102 _aRU
105 _ay|||z|||000zb
200 1 _aСтэнли Кубрик
_eс широко открытыми глазами
_e[биография режиссера глазами его ассистента]
_fЭмилио Д'Алессандро
_g[пер. с итал. И. Шальнова, Д. Сажиной]
210 _aМосква
_cБомбора™
_cЭксмо
_d2019
215 _a397, [1] с.
_d22
225 1 _aИконы кино
_eбиографии великих деятелей кинематографа
300 _aВ вып. дан. загл.: Стэнли Кубрик и я
333 _a18+
517 1 _aСтэнли Кубрик и я
600 1 _aКубрик
_bС.
_f1928 - 1999
_gСтэнли
_xБиография
_92419388
_3RU\NLR\AUTH\6601659632
686 1 _aЩ374.3(7США)6-85Кубрик
700 1 _7ca
_8rus
_aД'Алессандро
_bЭ.
_f1941-
_gЭмилио
_9208816
_3RU\NLR\AUTH\770208870
702 1 _aКубрик
_bС.
_f1928-1999
_gСтэнли
_4570
942 _cBOOK
980 _aNBR
980 _aNB